000 00535nam a22001817a 4500
005 20240110105217.0
008 240110b |||||||| |||| 00| 0 eng d
020 _a9780409123944
041 _aEnglish
082 _a346.7 COM
100 _aNagel, CJ et al.
_lEnglish
245 _aCommercial Law /
_cCJ Nagel et al.
250 _aFifth Edition
260 _aDurban :
_bLexisNexis (Pty) Ltd,
_c2015
300 _bviii, 830 pages ;
_c25 cm.
650 _aLegal practice
_bLaw
942 _cBK
_6ALISON_BN_VRIES
999 _c1216
_d1216